00445nam a22001337a 4500003000500000038001800005082000800023100002700031245010200058264003400160650002100194700003900215856005700254NUST aNusrat Nadeem a200 aSyed Saad Ullah Shah,  aSynthetic Population and Household Generation using Graph Neural Networks/cShah, Syed Saad Ullah aIslamabad:bSEECS NUST.c2026 aMS-Data Science  aSupervisor: Dr. Aimal Tariq Rextin uhttp://10.250.8.41:8080/xmlui/handle/123456789/57416